Urban design (Record no. 4028)
[ view plain ]
| 000 -LEADER | |
|---|---|
| fixed length control field | 01428nam a2200361Ia 4500 |
| 245 00 - TITLE STATEMENT | |
| Title | Urban design |
| 260 ## - PUBLICATION, DISTRIBUTION, ETC. (IMPRINT) | |
| Place of publication | Minneapolis : |
| Name of publisher | University of Minnesota Press, |
| Year of publication | c2009. |
| 300 ## - PHYSICAL DESCRIPTION | |
| Number of Pages | xix, 368 p. : |
| Other physical details | ill. |
| 500 ## - GENERAL NOTE | |
| General note | "Most of the essays published here previously appeared in Harvard design magazine, Harvard University Graduate School of Design". |
| 650 #0 - SUBJECT ADDED ENTRY--TOPICAL TERM | |
| Topical Term | City planning. |
| Topical Term | Architectural design. |
| 700 1# - ADDED ENTRY--PERSONAL NAME | |
| Personal name | Krieger, Alex, |
| Personal name | Saunders, William S. |
| 856 40 - ELECTRONIC LOCATION AND ACCESS | |
| Uniform Resource Identifier | http://site.ebrary.com/lib/rucke/Doc?id=10280045 |
No items available.
